[Event "XXV OOM - Mistrzostwa Polski Juniorow Mlodszych - Dziewczeta do lat 14"]
[Site "Sielpia"]
[Date "1899-12-30"]
[Round "1.25"]
[White "Nowak, Roksana"]
[Black "Kaznowska, Kinga"]
[Result "1-0"]
[WhiteTitle "I"]
[BlackTitle "II+"]
[WhiteElo "1356"]
[BlackElo "1037"]

1. f4 d5 2. Nf3 Nf6 3. e3 Nc6 4. Bb5 Bd7 5. b3 a6 6. Bxc6 Bxc6 7. Bb2 e6 8. O-O
Be7 9. Qe1 O-O 10. d3 Bd6 11. Nbd2 g6 12. Qh4 Be7 13. Qh6 Ne8 14. Ng5 Bxg5 15.
fxg5 f6 16. Nf3 Qe7 17. gxf6 Nxf6 18. Ng5 Ng4 19. Qh4 Nxe3 20. Qd4 e5 21. Qxe3
d4 22. Qg3 Rxf1+ 23. Rxf1 Rf8 24. Rxf8+ Kxf8 25. Nf3 e4 26. Nxd4 e3 27. Qf4+ Kg8
28. Ne2 g5 29. Qe5 Qxe5 30. Bxe5 Kf7 31. Bxc7 Ke6 32. Bb6 Kf5 33. Nd4+ Kf4 34.
Bc7+ Kg4 35. Nxc6 bxc6 36. Kf1 h5 37. Ke2 Kf5 38. Kxe3 c5 39. Bd6 h4 40. Bxc5
g4 41. Bd6 h3 42. g3 Kg5 43. c4 Kf5 44. c5 Ke6 45. Kf4 Kd5 46. Kxg4 Kc6 47. Kxh3
Kd5 48. g4 Kd4 49. c6 Kd5 50. c7 Kxd6 51. c8=Q Kd5 52. Qc4+ Kd6 53. g5 Ke7 54.
g6 Ke8 55. g7 Kd8 56. Qf7 Kc8 57. g8=R# 1-0

[Event "XXV OOM - Mistrzostwa Polski Juniorow Mlodszych - Dziewczeta do lat 14"]
[Site "Sielpia"]
[Date "1899-12-30"]
[Round "1.26"]
[White "Szewc, Dobromila"]
[Black "Miranowska, Anna"]
[Result "0-1"]
[WhiteTitle "I"]
[BlackTitle "I"]
[WhiteElo "1036"]
[BlackElo "1331"]

1. e4 c6 2. Nf3 d5 3. Nc3 Bg4 4. h3 Bxf3 5. Qxf3 e6 6. d3 Nf6 7. Bd2 a6 8. g4 Bd6
9. Qe2 Qc7 10. g5 d4 11. gxf6 dxc3 12. Bxc3 g6 13. e5 Bf8 14. O-O-O Nd7 15. d4
h5 16. Rg1 O-O-O 17. Rg3 Bh6+ 18. Kb1 Nb8 19. Bb4 Bf8 20. Qe1 Bxb4 21. Qxb4 c5
22. Qa4 Qxe5 23. Rf3 Rxd4 24. c4 Rxd1+ 25. Qxd1 Rd8 26. Qc1 Qe4+ 27. Rd3 Rxd3
28. Bxd3 Qxd3+ 29. Ka1 Qxh3 30. a3 Qg2 31. Qd2 Qf1+ 32. Ka2 Qxc4+ 33. b3 Qd4 34.
Qxd4 cxd4 35. Kb2 Nd7 36. Kc2 Nxf6 37. Kd3 e5 38. b4 Ng4 39. Ke2 h4 40. f3 Ne3
0-1

[Event "XXV OOM - Mistrzostwa Polski Juniorow Mlodszych - Dziewczeta do lat 14"]
[Site "Sielpia"]
[Date "1899-12-30"]
[Round "2.1"]
[White "Slusarczyk, Milena"]
[Black "Wikar, Martyna"]
[Result "0-1"]
[WhiteTitle "I+"]
[BlackTitle "k"]
[WhiteElo "1509"]
[BlackElo "2044"]

1. c4 Nf6 2. Nc3 d6 3. g3 g6 4. Bg2 Bg7 5. d4 O-O 6. Nf3 h6 7. O-O Nbd7 8. Qc2
c6 9. b3 Ne8 10. Bb2 f5 11. e4 e5 12. Ne2 Qf6 13. Rad1 a5 14. dxe5 dxe5 15. Rd2
Qe6 16. Ba3 Rf7 17. Bh3 Qf6 18. exf5 gxf5 19. Rfd1 a4 20. b4 Nb6 21. Bb2 Qe6 22.
Rc1 Bd7 23. c5 Nd5 24. a3 Nec7 25. Re1 Re8 26. Qxa4 Qg6 27. Qc2 e4 28. Nfd4 f4
29. Bxd7 Rxd7 30. Nc3 Rde7 31. Nxd5 Nxd5 32. Rde2 Kh7 33. Kh1 f3 34. Rd2 Qg4 35.
Rdd1 Re5 36. Nxc6 Qh3 0-1

[Event "XXV OOM - Mistrzostwa Polski Juniorow Mlodszych - Dziewczeta do lat 14"]
[Site "Sielpia"]
[Date "1899-12-30"]
[Round "2.2"]
[White "Rejniak, Zuzanna"]
[Black "Krzyzosiak, Anna"]
[Result "1-0"]
[WhiteTitle "k"]
[BlackTitle "I++"]
[WhiteElo "1904"]
[BlackElo "1528"]

1. d4 Nf6 2. Nc3 g6 3. e4 d6 4. f4 Bg7 5. Nf3 a6 6. Be3 b5 7. e5 dxe5 8. dxe5 Nfd7
9. Bd3 Bb7 10. Be4 Qc8 11. Qd2 c5 12. O-O-O O-O 13. Bxb7 Qxb7 14. Qd5 Qxd5 15.
Nxd5 e6 16. Nc3 Rc8 17. Ne4 b4 18. Nd6 Rc6 19. Ng5 f6 20. Nxe6 fxe5 21. Nxg7 exf4
22. Bxf4 Kxg7 23. Rde1 Nf6 24. Ne8+ Kf7 25. Nxf6 Rxf6 26. Bg5 Rf5 27. Rhf1 Rxf1
28. Rxf1+ Kg7 29. Rd1 Ra7 30. Rd8 Rb7 31. Rc8 Rb5 32. Bf4 Nd7 33. Rc7 Kf6 34.
Rxd7 1-0

[Event "XXV OOM - Mistrzostwa Polski Juniorow Mlodszych - Dziewczeta do lat 14"]
[Site "Sielpia"]
[Date "1899-12-30"]
[Round "2.3"]
[White "Gaczol, Julia"]
[Black "Goraj, Barbara"]
[Result "0-1"]
[WhiteTitle "I"]
[BlackTitle "I++"]
[WhiteElo "1394"]
[BlackElo "1824"]

1. e4 c5 2. Nf3 d6 3. d4 cxd4 4. Nxd4 Nf6 5. Nc3 Nc6 6. h3 g6 7. Be3 Bg7 8. Bc4
O-O 9. Bb3 Bd7 10. Qd2 Nxd4 11. Bxd4 b5 12. a3 a5 13. f3 Qc8 14. g4 b4 15. Nd5
Nxd5 16. Bxg7 Kxg7 17. Bxd5 Bc6 18. axb4 axb4 19. Rc1 Bxd5 20. Qxd5 Qb8 21. f4
Qb6 22. Qd3 Rfc8 23. Ke2 Ra7 24. h4 Rac7 25. f5 Rc4 26. Rh2 Qc5 27. Kf3 Qe5 28.
Qe2 Qxb2 29. Qd2 Qe5 30. Re2 Rc3+ 31. Re3 Rxe3+ 32. Kxe3 Rc3+ 33. Ke2 Qxe4+ 34.
Kd1 Qxg4+ 35. Qe2 Qg1+ 36. Qe1 Rg3 37. Qxg1 Rxg1+ 38. Kd2 Rxc1 39. Kxc1 gxf5 0-1

[Event "XXV OOM - Mistrzostwa Polski Juniorow Mlodszych - Dziewczeta do lat 14"]
[Site "Sielpia"]
[Date "1899-12-30"]
[Round "2.4"]
[White "Zabrzanska, Weronika"]
[Black "Kucharska, Helena"]
[Result "0-1"]
[WhiteTitle "I++"]
[BlackTitle "I"]
[WhiteElo "1763"]
[BlackElo "1385"]

1. e4 e5 2. Nf3 Nc6 3. Bc4 Bc5 4. c3 Nf6 5. d3 d6 6. O-O h6 7. Nbd2 O-O 8. h3 a5
9. a4 Be6 10. Bb3 Bxb3 11. Qxb3 Qd7 12. Re1 Bb6 13. Nf1 Ne7 14. Ng3 Ng6 15. Qd1
Rfe8 16. Nf5 d5 17. Qc2 Rad8 18. Ng3 c6 19. Bd2 Qc7 20. Rad1 c5 21. Nf5 Ne7 22.
Ng3 Rd7 23. Qc1 Kh7 24. Nf1 dxe4 25. dxe4 Qc6 26. Nxe5 Qxa4 27. Nxd7 Nxd7 28.
Ng3 Ne5 29. Bf4 N7g6 30. Be3 Nc4 31. Kh1 Qc6 32. b3 Nxe3 33. Rxe3 c4 34. Rf3 Ne5
35. Rf5 cxb3 36. f4 Nc4 37. Rxf7 Qg6 38. Rdd7 Qxg3 39. f5 b2 40. Qb1 Qg5 41. Rxg7+
Qxg7 42. Rxg7+ Kxg7 43. Kh2 Bc7+ 44. g3 Rd8 45. f6+ Kf8 46. e5 Rd2+ 47. Kh1 Na3
0-1

[Event "XXV OOM - Mistrzostwa Polski Juniorow Mlodszych - Dziewczeta do lat 14"]
[Site "Sielpia"]
[Date "1899-12-30"]
[Round "2.5"]
[White "Miranowska, Anna"]
[Black "Hertlein, Irena"]
[Result "1/2-1/2"]
[WhiteTitle "I"]
[BlackTitle "I+"]
[WhiteElo "1331"]
[BlackElo "1713"]

1. d4 c5 2. Nf3 cxd4 3. Nxd4 g6 4. c3 Bg7 5. Bg5 Nf6 6. e3 d5 7. Be2 O-O 8. O-O
Qb6 9. Qb3 Qxb3 10. Nxb3 Nc6 11. Rd1 e6 12. N1d2 h6 13. Bh4 Ne7 14. Bg3 Rd8 15.
Nf3 Bd7 16. Nc5 Bc6 17. Nd4 Nf5 18. Nxf5 gxf5 19. Be5 b6 20. Nb3 Ne4 21. Bxg7
Kxg7 22. f3 Nd6 23. Rac1 Rac8 24. Kf2 Kf6 25. Ba6 Bb7 26. Bxb7 Nxb7 27. f4 Nd6
28. g3 Rc7 29. Nd4 Rdc8 30. Nb3 a6 31. Ke2 Nc4 32. Rc2 b5 33. Nd4 Nd6 34. a3 a5
35. Rdc1 Rb8 1/2-1/2

[Event "XXV OOM - Mistrzostwa Polski Juniorow Mlodszych - Dziewczeta do lat 14"]
[Site "Sielpia"]
[Date "1899-12-30"]
[Round "2.6"]
[White "Bukala, Weronika"]
[Black "Starosta, Martyna"]
[Result "0-1"]
[WhiteTitle "I"]
[BlackTitle "WCM"]
[WhiteElo "1234"]
[BlackElo "1672"]

1. e4 e5 2. Bc4 Nf6 3. d4 Nxe4 4. dxe5 Nc5 5. Nf3 Be7 6. Qd4 O-O 7. O-O Nc6 8.
Qf4 d6 9. Rd1 Qe8 10. exd6 Bxd6 11. Qh4 Bf5 12. c3 Rd8 13. Rd5 Be4 14. Rh5 Bg6
15. Rd5 Ne7 16. Bg5 Nxd5 17. Bxd8 Qxd8 18. Bxd5 Bxh2+ 19. Qxh2 Qxd5 20. Qxc7 Qd1+
21. Kh2 Ne6 22. Qxb7 Bxb1 23. Qxa7 Qd6+ 24. Kg1 Be4 25. Qe3 Bxf3 26. Qxf3 Ng5
27. Qe3 Ne6 28. a4 f5 29. b4 f4 30. Qe1 f3 31. g3 Nf4 32. Qe4 Ne2+ 33. Kf1 Nxg3+
34. Ke1 Nxe4 35. Rd1 Qh2 0-1

[Event "XXV OOM - Mistrzostwa Polski Juniorow Mlodszych - Dziewczeta do lat 14"]
[Site "Sielpia"]
[Date "1899-12-30"]
[Round "2.7"]
[White "Krzyzosiak, Marta"]
[Black "Nowak, Roksana"]
[Result "1-0"]
[WhiteTitle "I++"]
[BlackTitle "I"]
[WhiteElo "1626"]
[BlackElo "1356"]

1. e4 e5 2. Nf3 d5 3. exd5 Bd6 4. Nc3 Nf6 5. d3 Nbd7 6. Be2 h6 7. Ne4 Nb6 8. c4
Nxe4 9. dxe4 Bg4 10. O-O O-O 11. Qc2 Nd7 12. h3 Bxf3 13. Bxf3 Qe7 14. Rd1 b6 15.
Be3 a5 16. Rac1 Bc5 17. Bxc5 Nxc5 18. a3 a4 19. Qc3 Rfd8 20. Rc2 Rd6 21. g3 Kh7
22. Bg2 Qf6 23. f4 Re8 24. Rf1 exf4 25. Rxf4 Qxc3 26. Rxc3 f6 27. Rf1 Rd7 28.
Re3 Rde7 29. Rfe1 Nb3 30. Bf3 Nd2 31. Bd1 Ra8 32. Rc3 f5 33. e5 Ne4 34. Rce3 Rxe5
35. Bc2 h5 36. Bxe4 fxe4 37. Rxe4 Rxe4 38. Rxe4 Rc8 39. Re6 Kg8 40. Rc6 Kf8 41.
d6 Ke8 42. Rxc7 Rxc7 43. dxc7 Kd7 44. Kf2 Kxc7 45. Ke3 Kc6 46. Kd4 Kd6 47. Kc3
Kc5 48. b3 axb3 49. Kxb3 Kd4 50. Kb4 Ke3 51. Kb5 Kf3 52. Kxb6 Kxg3 53. c5 Kxh3
54. c6 g5 55. c7 g4 56. c8=Q h4 57. Qe6 Kg3 58. Qe3+ Kg2 59. Qe2+ Kg3 60. Qe1+
Kh3 61. Qh1+ Kg3 62. Qg1+ Kh3 63. a4 g3 64. Qh1+ Kg4 65. a5 h3 66. Qe4+ Kh5 67.
Qf5+ Kh4 68. Qf4+ 1-0

[Event "XXV OOM - Mistrzostwa Polski Juniorow Mlodszych - Dziewczeta do lat 14"]
[Site "Sielpia"]
[Date "1899-12-30"]
[Round "2.8"]
[White "Kot, Marta"]
[Black "Barwinska, Ewa"]
[Result "1/2-1/2"]
[WhiteTitle "II"]
[BlackTitle "I++"]
[WhiteElo "1218"]
[BlackElo "1622"]

1. e4 c5 2. d4 cxd4 3. c3 dxc3 4. Nxc3 d6 5. Bc4 Nf6 6. Nf3 Qc7 7. Bb3 g6 8. Ng5
e6 9. O-O h6 10. Nf3 Bd7 11. Qe2 Bg7 12. Rd1 O-O 13. Be3 Na6 14. Nd4 Rfd8 15.
h3 Nc5 16. Bc2 Bc6 17. Qf3 Ncd7 18. Rac1 Ne5 19. Qe2 Qe7 20. f4 Ned7 21. Qd2 d5
22. e5 Ne8 23. Rf1 Nb6 24. Bb3 Rac8 25. Rce1 Nc4 26. Bxc4 dxc4 27. Qc2 a6 28.
Qe2 b5 29. Qc2 Bb7 30. a3 Nc7 31. Rd1 Nd5 32. Bc1 Qc5 33. Kh1 Qe7 34. Qf2 Nxc3
35. bxc3 Bd5 36. Rfe1 Qb7 37. Qb2 Qe7 38. Qf2 Qb7 39. Qb2 Bf8 40. Rg1 Bc5 41.
Be3 Bf8 42. Rd2 Qe7 43. Ra1 Qh4 44. Kh2 Rb8 45. Rf1 Qe7 46. Ra1 Qb7 47. Qc1 a5
48. Rb2 b4 49. axb4 axb4 50. cxb4 Bxb4 51. Rab1 Qe7 52. Nc2 Bd6 53. exd6 Qxd6
54. Rxb8 Rxb8 55. Rxb8+ Qxb8 56. Nd4 Qb7 57. Qd2 Qc7 58. Qc3 e5 59. Ne2 Qc6 60.
Qd2 Bxg2 1/2-1/2

[Event "XXV OOM - Mistrzostwa Polski Juniorow Mlodszych - Dziewczeta do lat 14"]
[Site "Sielpia"]
[Date "1899-12-30"]
[Round "2.9"]
[White "Lukasik, Zuzanna"]
[Black "Garbowska, Maja"]
[Result "1-0"]
[WhiteTitle "I++"]
[BlackTitle "I"]
[WhiteElo "1618"]
[BlackElo "1293"]

1. e4 e5 2. Nf3 Nc6 3. Bb5 a6 4. Ba4 d6 5. h3 Bd7 6. c3 g6 7. O-O Bg7 8. d4 h6
9. Be3 Nf6 10. Nbd2 O-O 11. Re1 b5 12. Bb3 Nh5 13. Nf1 Na5 14. Bc2 Nb7 15. Qd2
Kh7 16. Red1 Bc6 17. Rab1 Re8 18. d5 Bd7 19. Ng3 Qf6 20. Ne2 Bf8 21. Nh2 g5 22.
Ng3 Nf4 23. Ng4 Qg6 24. Nf5 Nh5 25. Qe2 Ng7 26. Nfxh6 Nh5 27. Nf5 Nf4 28. Bxf4
gxf4 29. Qf3 f6 30. g3 fxg3 31. fxg3 Bxf5 32. exf5 Qf7 33. Kg2 Nc5 34. b4 Nd7
35. Re1 Rac8 36. Bb3 Nb6 37. Re4 Qe7 38. Nf2 Bh6 39. Qh5 c6 40. Rh4 Qg7 41. Ng4
cxd5 42. Nxh6 Nc4 43. Nf7+ Kg8 44. Bxc4 Rxc4 45. Nxd6 Rxh4 46. Qxe8+ Kh7 47. Qf7
Qxf7 48. Nxf7 Rc4 49. Rb3 Kg7 50. Nd6 Rc6 51. Nb7 d4 52. cxd4 exd4 53. Nc5 Kf7
54. Rd3 Rd6 55. Kf3 Rd5 56. g4 a5 57. a3 Ke7 58. Ke4 Kd6 59. Rxd4 Rxd4+ 60. Kxd4
1-0

[Event "XXV OOM - Mistrzostwa Polski Juniorow Mlodszych - Dziewczeta do lat 14"]
[Site "Sielpia"]
[Date "1899-12-30"]
[Round "2.10"]
[White "Pacho, Maria"]
[Black "Mezykowska, Emilia"]
[Result "0-1"]
[WhiteTitle "II"]
[BlackTitle "I"]
[WhiteElo "1166"]
[BlackElo "1579"]

1. c4 e5 2. Nc3 Nf6 3. Nf3 Nc6 4. g3 g6 5. Bg2 Bg7 6. d3 h6 7. O-O O-O 8. Bd2 d6
9. Rb1 Nd7 10. b4 f5 11. Nd5 Ne7 12. Nh4 Kh7 13. Nxe7 Qxe7 14. e4 f4 15. Bh3 Rf7
16. b5 Nf8 17. Bxc8 Rxc8 18. Qg4 Qe6 19. Qxe6 Nxe6 20. Ng2 Nd4 21. Rfd1 g5 22.
Kf1 fxg3 23. hxg3 Rcf8 24. Be3 Rf3 25. Bxd4 exd4 26. Rb2 Rxg3 27. Rdd2 Rh3 28.
Kg1 Be5 29. a4 b6 30. Ra2 Bh2+ 31. Kf1 Bf4 32. Nxf4 gxf4 33. a5 f3 0-1

[Event "XXV OOM - Mistrzostwa Polski Juniorow Mlodszych - Dziewczeta do lat 14"]
[Site "Sielpia"]
[Date "1899-12-30"]
[Round "2.11"]
[White "Mroz, Lena"]
[Black "Pietrzak, Emilia"]
[Result "1-0"]
[WhiteTitle "I++"]
[BlackTitle "I"]
[WhiteElo "1573"]
[BlackElo "1230"]

1. e4 c5 2. Nf3 e6 3. d4 cxd4 4. Nxd4 Nf6 5. Nc3 d6 6. g4 h6 7. h4 d5 8. e5 Nfd7
9. f4 Be7 10. Nf3 Nc6 11. Be3 b6 12. Bb5 Bb7 13. Bxc6 Bxc6 14. Bd4 Nc5 15. Qe2
Ne4 16. Qe3 Bb4 17. O-O-O Bxc3 18. Bxc3 Rc8 19. Nd4 Qc7 20. Rh2 Ba4 21. Be1 Qc5
22. f5 Bd7 23. h5 Qc4 24. Kb1 a5 25. Bh4 Qb4 26. Be1 Qc4 27. Rg2 Qc7 28. Bg3 b5
29. Rf1 Qc4 30. Rd1 Qb4 31. Be1 Qc5 32. Qf3 Ng5 33. Qf4 b4 34. fxe6 Nxe6 35. Nxe6
Bxe6 36. g5 Qc4 37. Qg3 Bf5 38. Rc1 a4 39. gxh6 b3 40. a3 bxc2+ 41. Ka1 Rb8 42.
e6 Ke7 43. Bb4+ Rxb4 44. axb4 Qxb4 45. Qc7+ Kf6 46. Qxf7+ Ke5 47. hxg7 Qxb2+ 48.
Kxb2 Rb8+ 49. Ka2 Rb2+ 50. Kxb2 a3+ 51. Kxa3 1-0

[Event "XXV OOM - Mistrzostwa Polski Juniorow Mlodszych - Dziewczeta do lat 14"]
[Site "Sielpia"]
[Date "1899-12-30"]
[Round "2.12"]
[White "Anyz, Monika"]
[Black "Maslewska, Anna"]
[Result "1-0"]
[WhiteTitle "I+"]
[BlackTitle "I"]
[WhiteElo "1424"]
[BlackElo "1117"]

1. e4 e5 2. Nf3 Nc6 3. d4 exd4 4. Bc4 h6 5. Nxd4 Bc5 6. Bxf7+ Kxf7 7. Qh5+ Kf8
8. Qxc5+ Qe7 9. Qxe7+ Ngxe7 10. Be3 a6 11. Nc3 Nxd4 12. Bxd4 d6 13. O-O Kf7 14.
f4 Nc6 15. Be3 Re8 16. Rfe1 Bd7 17. a3 Ne7 18. Rad1 Bc6 19. Bf2 Ng6 20. Bg3 Re7
21. Nd5 Bxd5 22. Rxd5 Rae8 23. f5 Nf8 24. e5 dxe5 25. Rdxe5 c6 26. Rxe7+ Rxe7
27. Rxe7+ Kxe7 28. Bf2 Nd7 29. Bd4 Kf7 30. b4 Nf8 31. Kf2 Nh7 32. h4 Nf8 33. Kf3
Nd7 34. c4 Nf8 35. g4 Nd7 36. Kf4 Kf8 37. g5 hxg5+ 38. Kxg5 Kf7 39. h5 Nf8 40.
Kf4 Nd7 41. a4 Kf8 42. Kg5 Kf7 43. a5 Nf8 44. Kf4 Nd7 45. Ke4 Kf8 46. f6 gxf6
47. Kf5 Kf7 48. h6 Nf8 49. Bxf6 Nh7 50. Bg7 Kg8 51. Kg6 1-0

[Event "XXV OOM - Mistrzostwa Polski Juniorow Mlodszych - Dziewczeta do lat 14"]
[Site "Sielpia"]
[Date "1899-12-30"]
[Round "2.13"]
[White "Kulpa, Karolina"]
[Black "Jedrzejko, Martyna"]
[Result "0-1"]
[WhiteTitle "I"]
[BlackTitle "I"]
[WhiteElo "1381"]
[BlackElo "1466"]

1. d4 d5 2. c4 c6 3. Nf3 Nf6 4. e3 e6 5. Nc3 Nbd7 6. Bd3 dxc4 7. Bxc4 b5 8. Bd3
a6 9. e4 c5 10. d5 Qc7 11. dxe6 fxe6 12. O-O Bd6 13. h3 Bb7 14. Ng5 Nf8 15. f4
h6 16. e5 hxg5 17. exd6 Qc6 18. Qd2 g4 19. hxg4 b4 20. Nd1 Nxg4 21. f5 Rh2 22.
Rf3 Qb6 23. Rg3 c4+ 24. Ne3 Qxd6 25. Rxg4 cxd3 26. Nc4 Qc7 27. Qxd3 Rd8 28. Qe2
Rh7 29. Bf4 Qc5+ 30. Be3 Qxf5 31. Rf4 Qd5 32. Bb6 Rc8 33. Rd4 Qc6 34. Nd6+ Ke7
35. Nxc8+ Bxc8 36. Bd8+ Ke8 37. Rad1 Qc5 38. Kf1 Rh1+ 39. Kf2 Rxd1 40. Qxd1 e5
41. Qa4+ Kf7 42. Qb3+ Ke8 43. Qa4+ Bd7 44. Qa5 Qxd4+ 45. Kf3 Bc6+ 46. Kg3 Qf4+
0-1

[Event "XXV OOM - Mistrzostwa Polski Juniorow Mlodszych - Dziewczeta do lat 14"]
[Site "Sielpia"]
[Date "1899-12-30"]
[Round "2.14"]
[White "Matusik, Zuzanna"]
[Black "Trybus, Dominika"]
[Result "0-1"]
[WhiteTitle "I"]
[BlackTitle "II+"]
[WhiteElo "1226"]
[BlackElo "1219"]

1. e4 Nf6 2. e5 Nd5 3. d4 d6 4. c4 Nb6 5. exd6 cxd6 6. Nc3 g6 7. h3 Bg7 8. Nf3
O-O 9. Be3 Nc6 10. Rc1 Bf5 11. Be2 Rc8 12. O-O d5 13. c5 Na8 14. Qb3 Rc7 15. Rfd1
Rd7 16. Rd2 Na5 17. Qa4 Nc6 18. Bb5 Qc7 19. b4 Rfd8 20. Ne2 f6 21. Bf4 e5 22.
dxe5 fxe5 23. Bg5 Rf8 24. Qb3 Be4 25. Nh2 Rf5 26. Bh4 Bh6 27. f4 exf4 28. Nf3
Bxf3 29. gxf3 Qe5 30. Bf2 Rh5 31. Kh2 Qf5 32. h4 Bg5 33. Bd3 Qe5 34. Rg1 Bxh4
35. Bxh4 Rxh4+ 36. Kg2 Qh5 37. Be4 Nc7 38. Kf1 Rh1 39. Nxf4 Rxg1+ 40. Kxg1 Qg5+
41. Rg2 Qxf4 42. Bc2 Re7 43. Qb1 Qd4+ 44. Kf1 Ne5 45. Qc1 Nxf3 46. Rf2 Qc4+ 47.
Kg2 Qg4+ 48. Kh1 Qh3+ 49. Rh2 Qxh2# 0-1

[Event "XXV OOM - Mistrzostwa Polski Juniorow Mlodszych - Dziewczeta do lat 14"]
[Site "Sielpia"]
[Date "1899-12-30"]
[Round "2.15"]
[White "Obrochta, Lena"]
[Black "Walendykiewicz, Martyna"]
[Result "1-0"]
[WhiteTitle "I+"]
[BlackTitle "I"]
[WhiteElo "1704"]
[BlackElo "1175"]

1. e4 e5 2. Nf3 Nf6 3. Nxe5 d6 4. Nf3 Nxe4 5. Nc3 Nxc3 6. dxc3 Be6 7. Bf4 Be7 8.
Be2 a6 9. Qd2 Nc6 10. O-O-O Qd7 11. Kb1 O-O-O 12. Ng5 Bxg5 13. Bxg5 f6 14. Bf4
Kb8 15. Rhe1 Rhe8 16. c4 Qf7 17. Qc3 Ne5 18. b3 Bg4 19. f3 Bd7 20. Bg3 Bc6 21.
Bf2 Qg6 22. Bf1 h6 23. b4 Qf7 24. b5 axb5 25. cxb5 Bd5 26. b6 Nc6 27. Bb5 Kc8
28. bxc7 Kxc7 29. Bxc6 Bxc6 30. Qa5+ Kd7 31. Qf5+ Kc7 32. Rxe8 Qxe8 33. Re1 Qf7
34. Qa5+ Kd7 35. Qf5+ Kc7 36. Re3 Qd5 37. Re7+ Kb8 38. Qxd5 Bxd5 39. Rxg7 Rg8
40. Rxg8+ Bxg8 41. Kb2 Kc7 42. a3 Kc6 43. Kc3 Kb5 44. Bg3 Kc5 45. Bf2+ Kb5 46.
Be3 h5 47. Kd4 Kc6 48. g4 hxg4 49. fxg4 Be6 50. h3 Bf7 51. c3 b5 52. Ke4 Bg6+
53. Kd4 Bf7 54. Ke4 Bg6+ 55. Kf4 Kd5 56. Bd4 Ke6 57. h4 Bh7 58. c4 Bd3 59. cxb5
Bxb5 60. Bb6 d5 61. Ke3 Bd7 62. Bd8 Ke5 63. Bc7+ Ke6 64. Kd4 Ke7 65. g5 fxg5 66.
hxg5 Bc6 67. Ke5 Kf7 68. Kd6 Bb7 69. Kc5 Kg6 70. Bd8 Kf5 71. Bf6 Ke6 72. Kb6 Ba8
73. a4 Kf5 74. a5 d4 75. Ka7 d3 76. Bc3 Be4 77. Bd2 Kg4 78. Kb8 Kh5 79. a6 Kg6
80. a7 Kf7 81. a8=Q Bxa8 82. Kxa8 Kg7 83. Kb7 Kf7 84. Kc6 Ke6 85. Kc5 Ke5 86.
Kc4 Ke6 87. Kxd3 Ke5 88. Ke3 Kf5 89. Kf3 Kg6 90. Kg4 Kg7 91. Kf5 Kf7 92. Bc3 Kf8
93. Kg6 Kg8 94. Bd4 1-0

[Event "XXV OOM - Mistrzostwa Polski Juniorow Mlodszych - Dziewczeta do lat 14"]
[Site "Sielpia"]
[Date "1899-12-30"]
[Round "2.16"]
[White "Grzyb, Anna"]
[Black "Dallemura, Anna"]
[Result "1-0"]
[WhiteTitle "I"]
[BlackTitle "I"]
[WhiteElo "1266"]
[BlackElo "1482"]

1. e4 e5 2. Bc4 Nc6 3. Nf3 Bc5 4. O-O Nf6 5. c3 d6 6. d4 exd4 7. cxd4 Bb6 8. d5
Ne5 9. Bg5 h6 10. Bh4 Qe7 11. Nc3 Bd7 12. Qe2 O-O-O 13. a4 Bg4 14. b4 Bxf3 15.
gxf3 Bd4 16. Rac1 Bxc3 17. Rxc3 g5 18. Bg3 h5 19. Ba6 bxa6 20. Qxa6+ Kb8 21. Bxe5
Qxe5 22. Rxc7 Kxc7 23. Qxa7+ Kc8 24. Rc1+ Qc3 25. Rxc3# 1-0

[Event "XXV OOM - Mistrzostwa Polski Juniorow Mlodszych - Dziewczeta do lat 14"]
[Site "Sielpia"]
[Date "1899-12-30"]
[Round "2.17"]
[White "Kieca, Aleksandra"]
[Black "Uliasz, Katarzyna"]
[Result "1-0"]
[WhiteTitle "I"]
[BlackTitle "I"]
[WhiteElo "1475"]
[BlackElo "1270"]

1. e4 c5 2. Nf3 d6 3. d4 cxd4 4. Nxd4 Nf6 5. Nc3 g6 6. Be3 Bg7 7. f3 O-O 8. Qd2
Nc6 9. g4 Bd7 10. O-O-O Rc8 11. h4 h5 12. gxh5 Nxh5 13. Rg1 Ne5 14. f4 Ng4 15.
f5 Nxe3 16. Qxe3 Kh7 17. Kb1 Bh6 18. Qf2 Qb6 19. Nd5 Qd8 20. Bd3 e6 21. Nc3 Rxc3
22. bxc3 Qb6+ 23. Ka1 e5 24. Bc4 exd4 25. cxd4 Nf4 26. Rg4 Nh3 27. Qf3 gxf5 28.
exf5 Rc8 29. Bd3 Qc7 30. c4 Qa5 31. Bc2 Be8 32. f6+ Kh8 33. Qd3 1-0

[Event "XXV OOM - Mistrzostwa Polski Juniorow Mlodszych - Dziewczeta do lat 14"]
[Site "Sielpia"]
[Date "1899-12-30"]
[Round "2.18"]
[White "Straczek, Wiktoria"]
[Black "Scisla, Oliwia"]
[Result "1-0"]
[WhiteTitle "I"]
[BlackTitle "I++"]
[WhiteElo "1257"]
[BlackElo "1413"]

1. e4 c5 2. Nc3 d6 3. f4 Nc6 4. Nf3 g6 5. Bb5 Bd7 6. O-O Bg7 7. d3 a6 8. Bxc6 Bxc6
9. Qe1 b5 10. Rb1 Nf6 11. Bd2 O-O 12. Qh4 Qd7 13. Rbe1 Qg4 14. Qf2 Nh5 15. Ne2
Bxb2 16. c3 Ba3 17. Rb1 a5 18. h3 Qd7 19. f5 b4 20. Bh6 Ng7 21. c4 gxf5 22. Qg3
1-0

[Event "XXV OOM - Mistrzostwa Polski Juniorow Mlodszych - Dziewczeta do lat 14"]
[Site "Sielpia"]
[Date "1899-12-30"]
[Round "2.19"]
[White "Baran, Dagmara"]
[Black "Arciszewska, Zuzanna"]
[Result "1-0"]
[WhiteTitle "I"]
[BlackTitle "I"]
[WhiteElo "1244"]
[BlackElo "1370"]

1. e4 e5 2. Nf3 Nc6 3. Bb5 a6 4. Ba4 Nf6 5. d3 b5 6. Bb3 Be7 7. Nbd2 d6 8. c3 O-O
9. O-O Na5 10. Bc2 c5 11. Re1 Nc6 12. Nf1 Re8 13. Ng3 Bf8 14. h3 g6 15. Bd2 Bg7
16. Qc1 Be6 17. Bh6 Qe7 18. Bxg7 Kxg7 19. Ng5 h6 20. Nxe6+ Qxe6 21. Bb3 Qd7 22.
f4 Nh7 23. f5 g5 24. Qd1 Nf6 25. Nh5+ Nxh5 26. Qxh5 Rf8 27. Rf1 Qe8 28. f6+ Kh7
29. Rf5 Ra7 30. Rxg5 Rg8 31. Rxg8 Qxg8 32. Rf1 Qg6 33. Qxg6+ Kxg6 34. Bd5 Nd8
35. g4 Ne6 36. Bxe6 fxe6 37. h4 Rf7 38. Kg2 Rxf6 39. Rxf6+ Kxf6 40. Kf3 d5 41.
b3 c4 42. bxc4 dxc4 43. dxc4 bxc4 44. Ke3 a5 45. Kd2 a4 46. a3 Kg6 47. Ke3 Kf6
48. Kf3 Kg6 49. h5+ Kf6 50. Kg2 Kf7 51. Kg3 Kg7 52. Kh3 Kf7 53. Kh4 Kf6 54. g5+
hxg5+ 55. Kg4 Kf7 56. Kxg5 Kg7 57. h6+ Kf7 58. h7 Kg7 59. h8=Q+ Kxh8 60. Kf6 Kh7
61. Kxe6 1-0

[Event "XXV OOM - Mistrzostwa Polski Juniorow Mlodszych - Dziewczeta do lat 14"]
[Site "Sielpia"]
[Date "1899-12-30"]
[Round "2.20"]
[White "Bugaj, Hanna"]
[Black "Retz, Agnieszka"]
[Result "1-0"]
[WhiteTitle "I"]
[BlackTitle "II+"]
[WhiteElo "1363"]
[BlackElo "1263"]

1. d4 d5 2. c4 e6 3. Nc3 Nf6 4. cxd5 exd5 5. Bg5 Be7 6. Qc2 c6 7. e3 O-O 8. Bd3
Nbd7 9. Nf3 Re8 10. O-O Nf8 11. h3 Ng6 12. Bxf6 Bxf6 13. b4 b6 14. Rfc1 Bb7 15.
Qb3 Qd7 16. Rc2 Rec8 17. Rac1 Rc7 18. Nxd5 Rcc8 19. Nxf6+ gxf6 20. Nd2 Kg7 21.
Qb2 Rg8 22. Be4 Rac8 23. b5 Ne7 24. bxc6 Bxc6 25. Bxc6 Nxc6 26. Qb5 a6 27. Qxb6
Nb8 28. Ne4 Rxc2 29. Qxf6+ Kf8 30. Rxc2 Qe6 31. Qxe6 fxe6 32. Rc8+ Kf7 33. Rxg8
Kxg8 34. Kf1 Nc6 35. Nc5 Nb4 36. a3 Nc2 37. a4 Nb4 38. Nxe6 Kf7 39. Nc5 Ke7 40.
Ke2 Kd6 41. Kd2 Kd5 42. Kc3 a5 43. e4+ Kc6 44. f4 Na2+ 45. Kc4 Nc1 46. d5+ Kc7
47. e5 Ne2 48. d6+ Kc8 49. d7+ Kd8 50. Kd5 Ng3 51. Kc6 Nf5 52. Nb7+ 1-0

[Event "XXV OOM - Mistrzostwa Polski Juniorow Mlodszych - Dziewczeta do lat 14"]
[Site "Sielpia"]
[Date "1899-12-30"]
[Round "2.21"]
[White "Olszewska, Wiktoria"]
[Black "Franek, Diana"]
[Result "1-0"]
[WhiteTitle "I"]
[BlackTitle "II"]
[WhiteElo "1306"]
[BlackElo "1256"]

1. e4 e5 2. Nf3 Nc6 3. Bb5 a6 4. Ba4 Nf6 5. O-O b5 6. Bb3 Be7 7. Re1 d6 8. c3 Na5
9. Bc2 c5 10. d4 Qc7 11. h3 O-O 12. Nbd2 cxd4 13. cxd4 Nc6 14. d5 Nb4 15. Bb1
a5 16. a3 Na6 17. Nf1 Nc5 18. Ng3 Bd7 19. b3 Rfc8 20. Nh4 a4 21. bxa4 Nxa4 22.
Nhf5 Bf8 23. Bg5 Ne8 24. h4 f6 25. Bd2 Nc3 26. Qf3 Nxb1 27. Raxb1 Qc2 28. Bb4
g6 29. Ne3 Qa4 30. Ng4 Kg7 31. h5 g5 32. Nf5+ Bxf5 33. Qxf5 Be7 34. Rbc1 Qa6 35.
Qe6 Qb7 36. Ne3 Bf8 37. Nf5+ Kh8 38. Bxd6 Nxd6 39. Qxf6+ Kg8 40. Nxd6 Bxd6 41.
Qxd6 Re8 42. Rc7 Qa6 43. Qd7 Qh6 44. Qf7+ Kh8 45. Rc6 Qg7 46. Qxg7+ Kxg7 47. Rb6
Rxa3 48. Rxb5 Rd3 49. Rb6 Rd2 50. Rc1 Re7 51. Rcc6 Rf7 52. h6+ Kg8 53. Rc8+ Rf8
54. Rxf8+ Kxf8 55. Re6 Rd1+ 56. Kh2 Rd3 57. f3 Kf7 58. Rxe5 Kg6 59. Re6+ Kh5 60.
Kg3 Rd1 61. d6 Rd3 62. e5 g4 63. Re7 Rd4 64. d7 gxf3 65. gxf3 Kxh6 66. e6 Kg6
67. Re8 h5 68. d8=Q h4+ 69. Qxh4 Rxh4 70. Kxh4 Kf6 71. Kh5 1-0